000 00547nam a2200205Ia 4500
005 20250508160752.0
008 008 250505s9999 xx 000 0 eng d
037 _aTextual
040 _aFEDL
_beng
_cFEDL
041 _aeng
_2eng
084 _a301.2, ARR
_qFEDL
100 _aArrow Kenneth J.
245 0 _aSocial choice and individual values
250 _a2nd
260 _aNew Haven
_bYale Univerisity Press
_c1951
300 _axi,124p.
650 _aSociology
942 _cTEXL
_h301.2, ARR
999 _c1366506
_d1366506